Parthenia or The last days of paganism / (Registro nro. 157428)
[ vista simple ]
| 000 -LEADER | |
|---|---|
| campo de control de longitud fija | 00927nam a22002415i 4500 |
| 001 - NÚMERO DE CONTROL | |
| campo de control | 157428 |
| 003 - IDENTIFICADOR DE NÚMERO DE CONTROL | |
| campo de control | ES-MaACL |
| 005 - FECHA Y HORA DE LA ÚLTIMA TRANSACCIÓN | |
| campo de control | 20230906210703.0 |
| 008 - DATOS DE LONGITUD FIJA--INFORMACIÓN GENERAL | |
| campo de control de longitud fija | 040824s1858 xxk |||| | eng d |
| 040 ## - FUENTE DE CATALOGACIÓN | |
| Centro catalogador/agencia de origen | CAM |
| Lengua de catalogación | spa |
| Centro/agencia transcriptor | CAM |
| 100 1# - ENTRADA PRINCIPAL--NOMBRE DE PERSONA | |
| Nombre de persona | Lee, Eliza Buckminster. |
| 9 (RLIN) | 128837 |
| 245 10 - MENCIÓN DEL TÍTULO | |
| Título | Parthenia or The last days of paganism / |
| Mención de responsabilidad, etc. | by Eliza Buckminster Lee. |
| 260 ## - PUBLICACIÓN, DISTRIBUCIÓN, ETC. | |
| Lugar de publicación, distribución, etc. | London ; |
| -- | New York : |
| Nombre del editor, distribuidor, etc. | G. Routledge & Co., |
| Fecha de publicación, distribución, etc. | 1858 ( |
| Fabricante | Cox and Wyman, printers) |
| 300 ## - DESCRIPCIÓN FÍSICA | |
| Extensión | IV, 316 p. ; |
| Dimensiones | 16 cm. |
| 490 1# - MENCIÓN DE SERIE | |
| Mención de serie | Railway and home reading |
| 650 04 - PUNTO DE ACCESO ADICIONAL DE MATERIA--TÉRMINO DE MATERIA | |
| Término de materia o nombre geográfico como elemento de entrada | Cristianismo- |
| Subdivisión general | Historia. |
| 9 (RLIN) | 11430 |
| 740 41 - ENTRADA AGREGADA--TÍTULO RELACIONADO/ANALÍTICO NO CONTROLADO | |
| Título relacionado o analítico no controlado | The last days of paganism. |
| 752 ## - ENTRADA AGREGADA--NOMBRE JERÁRQUICO DEL LUGAR | |
| País o entidad superior | Gran Bretaña - |
| Jurisdicción política intermedia | Londres |
| 752 ## - ENTRADA AGREGADA--NOMBRE JERÁRQUICO DEL LUGAR | |
| País o entidad superior | Estados Unidos de América - |
| Jurisdicción política intermedia | Nueva York |
| 830 0# - PUNTO DE ACCESO ADICIONAL DE SERIE-TÍTULO UNIFORME | |
| Título uniforme | Railway and home reading |
| 9 (RLIN) | 221783 |
| 852 ## - LOCALIZACIÓN | |
| Ubicación | ES-MaACL |
| Número de control de estantería | D-2205 |
| Nota libre | -- Enc. ed. en hol. cromolit., representando la Acrólolis de Atenas |
| -- | -- Legado de Modesto de la Fuente |
| Estatus retirado | Estado de pérdida | Estado de daño | No para préstamo | Colección | Biblioteca de origen | Biblioteca actual | Ubicación en estantería | Fecha de adquisición | Fuente de adquisición | Total de préstamos | Signatura topográfica completa | Código de barras | Visto por última vez | Precio de reemplazo | Tipo de ítem Koha |
|---|---|---|---|---|---|---|---|---|---|---|---|---|---|---|---|
| Libros del s. XIX | Biblioteca del Ateneo de Madrid | Biblioteca del Ateneo de Madrid | Sala Valle Inclán | 17/01/2008 | D-2205 | 901164746 | 23/02/2023 | 23/02/2023 | Libro impreso antiguo |
